LEADER 01050nam0-2200361---450- 001 990008864560403321 005 20090610134713.0 010 $a88-464-8077-5 035 $a000886456 035 $aFED01000886456 035 $a(Aleph)000886456FED01 035 $a000886456 100 $a20090610d2006----km-y0itay50------ba 101 0 $aita 102 $aIT 105 $af-------001cy 200 1 $aTutti in festa$eantropologia della cerimonialità$fLaura Bonato$gpresentazione di Gian Luigi Bravo 210 $aMilano$cFrancoAngeli$d©2006 215 $a155 p.$a[16] p. di tav. f.t.$cfotog.$d23 cm 225 1 $aAntropologia culturale e sociale$v62 320 $aContiene riferimenti bibl. (pp. 141-155) 610 0 $aCerimonie 610 0 $aFesta 676 $a390$v21$zita 676 $a394.26$v21$zita 700 1$aBonato,$bLaura$0144340 801 0$aIT$bUNINA$gRICA$2UNIMARC 901 $aBK 912 $a990008864560403321 952 $a390 BON 1$b4062$fBFS 959 $aBFS 996 $aTutti in festa$9803928 997 $aUNINA LEADER 01125nam--2200385---450- 001 990000892180203316 005 20090622121756.0 035 $a0089218 035 $aUSA010089218 035 $a(ALEPH)000089218USA01 035 $a0089218 100 $a20020122d1988----km-y0itay50------ba 101 0 $aita 102 $aIT 105 $ay|||z|||001yy 200 1 $aCapri$fAlberto Savinio 210 $aMilano$cAdelphi$d1988 215 $a72 p.$d18 cm 225 2 $aPiccola biblioteca Adelphi$v208 410 0$12001$aPiccola biblioteca Adelphi$v208 676 $a858.91203 700 1$aSAVINIO,$bAlberto$0151799 801 0$aIT$bsalbc$gISBD 912 $a990000892180203316 951 $aVI.3.F. 27(Varie Coll. 297/208)$b108211 L.M.$cVI.3.F.$d00226706 959 $aBK 969 $aUMA 979 $aPATTY$b90$c20020122$lUSA01$h1040 979 $aPATTY$b90$c20020122$lUSA01$h1042 979 $c20020403$lUSA01$h1733 979 $aPATRY$b90$c20040406$lUSA01$h1701 979 $aCOPAT4$b90$c20050121$lUSA01$h1211 979 $aANNAMARIA$b90$c20090622$lUSA01$h1217 996 $aCapri$9970277 997 $aUNISA